Проблемы оценки радоноопасности территорий застройки на примере измерений, проведенных в Российской Федерации и Чешской Республике; Проблемы геологии и освоения недр; Т. 1

Detalles Bibliográficos
Parent link:Проблемы геологии и освоения недр: труды XX Международного симпозиума имени академика М. А. Усова студентов и молодых ученых, посвященного 120-летию со дня основания Томского политехнического университета, Томск, 4-8 апреля 2016 г./ Национальный исследовательский Томский политехнический университет (ТПУ), Институт природных ресурсов (ИПР) ; Общество инженеров-нефтяников, международная некоммерческая организация, Студенческий чаптер ; под ред. А. Ю. Дмитриева.— , 2016
Т. 1.— 2016.— [С. 609-610]
Autor Principal: Шилова К. О. Ксения Олеговна
Autor Corporativo: Национальный исследовательский Томский политехнический университет (ТПУ) Физико-технический институт (ФТИ) Кафедра прикладной физики (№ 12) (ПФ)
Outros autores: Рыжакова Н. К. Надежда Кирилловна (научный руководитель)
Summary:Заглавие с экрана
Idioma:ruso
Publicado: 2016
Series:Гидрогеология и инженерная геология. Геоинформационные системы в гидрогеологических исследованиях
Subjects:
Acceso en liña:http://earchive.tpu.ru/handle/11683/31739
Formato: MixedMaterials Electrónico Capítulo de libro
KOHA link:https://koha.lib.tpu.ru/cgi-bin/koha/opac-detail.pl?biblionumber=619572

MARC

LEADER 00000naa2a2200000 4500
001 619572
005 20231101133052.0
035 |a (RuTPU)RU\TPU\conf\18008 
035 |a RU\TPU\conf\18007 
090 |a 619572 
100 |a 20160824d2016 k y0rusy50 ca 
101 0 |a rus 
102 |a RU 
105 |a y z 100zy 
135 |a drgn ---uucaa 
181 0 |a i  
182 0 |a b 
200 1 |a Проблемы оценки радоноопасности территорий застройки на примере измерений, проведенных в Российской Федерации и Чешской Республике  |f К. О. Шилова  |g науч. рук. Н. К. Рыжакова 
203 |a Текст  |c электронный 
225 1 |a Гидрогеология и инженерная геология. Геоинформационные системы в гидрогеологических исследованиях 
230 |a 1 компьютерный файл (pdf; 196 Kb) 
300 |a Заглавие с экрана 
320 |a [Библиогр.: с. 610 (5 назв.)] 
461 1 |0 (RuTPU)RU\TPU\conf\17456  |t Проблемы геологии и освоения недр  |o труды XX Международного симпозиума имени академика М. А. Усова студентов и молодых ученых, посвященного 120-летию со дня основания Томского политехнического университета, Томск, 4-8 апреля 2016 г.  |o в 2 т.  |f Национальный исследовательский Томский политехнический университет (ТПУ), Институт природных ресурсов (ИПР) ; Общество инженеров-нефтяников, международная некоммерческая организация, Студенческий чаптер ; под ред. А. Ю. Дмитриева  |d 2016 
463 1 |0 (RuTPU)RU\TPU\conf\17457  |t Т. 1  |v [С. 609-610]  |d 2016 
610 1 |a труды учёных ТПУ 
610 1 |a электронный ресурс 
610 1 |a радон 
610 1 |a застройки 
610 1 |a Российская Федерация 
610 1 |a Чешская Республика 
610 1 |a радиоактивные излучения 
610 1 |a газопроницаемость 
610 1 |a инженерные изыскания 
700 1 |a Шилова  |b К. О.  |c специалист в области радиационной безопасности  |c инженер Томского политехнического университета  |f 1993-  |g Ксения Олеговна  |2 stltpush  |3 (RuTPU)RU\TPU\pers\39824 
702 1 |a Рыжакова  |b Н. К.  |c физик  |c доцент Томского политехнического университета, кандидат физико-математических наук  |f 1947-  |g Надежда Кирилловна  |2 stltpush  |4 727 
712 0 2 |a Национальный исследовательский Томский политехнический университет (ТПУ)  |b Физико-технический институт (ФТИ)  |b Кафедра прикладной физики (№ 12) (ПФ)  |h 46  |2 stltpush  |3 (RuTPU)RU\TPU\col\18729 
801 2 |a RU  |b 63413507  |c 20171115  |g RCR 
856 4 |u http://earchive.tpu.ru/handle/11683/31739 
942 |c BK